000 01068nam a2200253Ia 4500
003 Ost
005 20260416102354.0
008 260416s9999||||xx |||||||||||||| ||und||
040 _cfsecg
041 _aara
082 _a510
100 _aمهيبل، وسام
_eمؤلف
245 0 _aالخوارزميات /
_c وسام مهيبل
246 _aLes algorithmes
260 _aالجزائر
_bجامعة الجزائر3: كلية العلوم الإقتصادية، العلوم التجارية وعلوم التسيير
_c2019
300 _a35 ورقة
_bايضاحات
_c30 سم
504 _aمراجع ص.35
520 _aمفهوم الخوارزمية، التعليمات البسيطة، التعليمات المركبة، الشعاع و المصفوفة.
653 _aالخوارزميات
653 _aالرياضيات
653 _aالمصفوفات
710 _aجامعة الجزائر3: كلية العلوم الإقتصادية، العلوم التجارية وعلوم التسيير
_eناشر علمي
942 _cHANDOUT
999 _c41121
_d41121